000 00571nam a2200217 a 4500
999 _c4615
_d4615
001 4615
003 BD-JhCC
005 20171129095902.0
008 171129s1963 u |||| || | 001 0 eng d
035 _a(BD-JhCC)4615
040 _aBD-JhCC
_dBD-JhCC
041 _aeng
082 _a136.7354
_bPOW 1963
100 _aPowell, Marvin
245 _aThe Psychology of Adolescence /
_cMarvin Powell,
260 _aNew York :
_bThe Bobbs-Merrill Company Inc,
_c1963.
300 _a552 p. :
_c24 cm.
650 _aAdolescent Psychology
942 _2ddc
_cBK